| 000 | 00489nam a2200181Ia 4500 | ||
|---|---|---|---|
| 005 | 20250326141238.0 | ||
| 008 | 250326s9999 xx 000 0 und d | ||
| 037 | _aTextbook | ||
| 040 |
_aFMSL _beng _cFMSL |
||
| 041 |
_aeng _2eng |
||
| 084 | _qFMSL | ||
| 100 |
_aDunkel Report _9744016 |
||
| 245 | 0 |
_aGeneral agrimention tariffs and trade (GATT) 1994 _cDunkel Report |
|
| 260 |
_aNew Delhi _bNew Delhi, Vidhi _c1994 |
||
| 300 | _a447p | ||
| 942 | _cTB | ||
| 999 |
_c1289412 _d1289412 |
||